000 00572nam a22002417a 4500
003 UA-OsUOA
001 30498
007 ta
008 20041110b un ||||| |||| 00| 0 ukr d
100 _aЖуравська І.Ю.
090 _a821:929
_bЖ91
942 _cBK
040 _aUA-OsUOA
_bukr
_cUA-OsUOA
_dUA-OsUOA
245 _aРомен Роллан
_bЖиття і творчість
300 _a199 с.
955 _a0
041 _aukr
080 _a821:929
260 _aКиїв
_bДніпро
_c1978
044 _aUA
650 7 _2UDC
999 _c316910
_d316910